|
|
|
|
| LEADER |
00000nab a2200000 ar4500 |
| 001 |
vtls008901732 |
| 003 |
SK-MaSNL |
| 005 |
20260319071404.0 |
| 008 |
061127c20061114xo ||||||h| 000 b|hun |
| 015 |
|
|
|a SNBRB2006/11
|2 snkbucl
|
| 038 |
|
|
|a SNKBUCL
|
| 040 |
|
|
|a DSZK
|b slo
|c DSZK
|e AACR2
|
| 041 |
0 |
|
|a hun
|
| 044 |
|
|
|a xo
|c SK
|
| 080 |
|
|
|a 51-051
|2 1997
|
| 080 |
|
|
|a 929 Bolyai, Farkas
|2 1997
|
| 100 |
1 |
|
|a Ozogány, Ernő,
|d 1951-2017
|4 aut
|9 101476
|
| 245 |
1 |
0 |
|a Bolyai Farkas halálának százötvenedik évfordulójára
|b eltartott, míg elismerték a Tentamen jelentőségét, fiáról pedig elnevezték az új tudományágat ...
|c Ozogány Ernő
|
| 300 |
|
|
|b Fotogr.
|
| 600 |
1 |
7 |
|a Bolyai, Farkas
|d 1775-1856
|2 snkbucl
|9 302440
|
| 773 |
0 |
|
|t Új szó
|g Évf. 59, sz. 262 (14.11.2006), o. 12
|
| 852 |
|
|
|a SNK
|b KIS3GCP
|
| 852 |
|
|
|a DSZK
|b KIS3GCP
|
| 958 |
|
|
|a HU
|
| 958 |
|
|
|a BC
|
| 999 |
|
|
|c 1759948
|d 1761878
|